Super speed reading : kaedah lengkap dan praktik meningkatkan kemampuan membaca

Bibliographic Details
Main Author: Widiatmoko, Irwan
Format: Book
Published: KL : SAM Synerg Media , [s.n]
Series:Siri kecerdasan minda
Subjects:

MARC

LEADER 00000cam a2200000 7i4500
001 0000038903
005 20131202.0
008 131202
020 |a 9670585765 
090 0 0 |a 418.4   |b WID 
100 1 |a Widiatmoko, Irwan 
245 1 0 |a Super speed reading :   |b kaedah lengkap dan praktik meningkatkan kemampuan membaca   |c Irwan Widiatmoko 
260 |a KL :   |b SAM Synerg Media ,   |c [s.n] 
440 |a Siri kecerdasan minda 
650 0 |a Reading 
650 0 |a Speed reading 
999 |a 0001255527   |b Book   |c Adult Collection   |e Cawangan AEON Kulaijaya 
999 |a 0001255528   |b Book   |c Adult Collection   |e Cawangan AEON Kulaijaya 
999 |a 0001255770   |b Book   |c Adult Collection   |e Cawangan Mersing 
999 |a 0001255771   |b Book   |c Adult Collection   |e Cawangan Mersing 
999 |a 0001255816   |b Book   |c Adult Collection   |e Perbadanan Perpustakaan Awam Johor 
999 |a 0001256914   |b Book   |c Adult Collection   |e Cawangan Tangkak 
999 |a 0001256915   |b Book   |c Adult Collection   |e Cawangan Bukit Gambir 
999 |a 0001256916   |b Book   |c Adult Collection   |e Cawangan Muar 
999 |a 0001256917   |b Book   |c Adult Collection   |e Cawangan Bandar Tenggara 
999 |a 0001256918   |b Book   |c Adult Collection   |e Cawangan Bandar Penawar 
999 |a 0001256919   |b Book   |c Adult Collection   |e Cawangan Mersing 
999 |a 0001256920   |b Book   |c Adult Collection   |e Cawangan Taman Sri Lambak 
999 |a 0001256921   |b Book   |c Adult Collection   |e Cawangan Segamat 
999 |a 0001256922   |b Book   |c Adult Collection   |e Cawangan Pontian